| 000 | nam a22 a 4500 | ||
|---|---|---|---|
| 999 |
_c3311 _d3311 |
||
| 005 | 20170522112427.0 | ||
| 008 | 170522b2001 xxu||||| |||| 00| 0 eng d | ||
| 020 | _a0324017316 (Concepts and Cases Edi.) | ||
| 020 | _a0324048912 (Concepts Edi.) | ||
| 020 | _a0324048920 (Cases Edi.) | ||
| 040 | _aAKMAL | ||
| 082 | _a658.4012 HIT | ||
| 090 |
_a658.4012 _bHIT |
||
| 245 |
_aStrategic Management _bCompetitiveness and Globalization / _cMicheal A. Hitt |
||
| 260 |
_aUSA _bSiouth-Western College Publishing _c2001 |
||
| 300 |
_a668 p. _ccm |
||
| 700 |
_aR. Duane Ireland _96732 |
||
| 700 |
_aRobert E. Hoskisson _96733 |
||
| 942 |
_2ddc _cBOOK |
||